Hold Me Down - Daniel Caesar - Statistics

General Stats
  • This quiz has been taken 267 times
  • The average score is 247 of 306
Answer Stats
Answer % Correct
I
100%
Me
100%
You
99%
Love
96%
A
95%
Hear
94%
If
94%
It
94%
Let
94%
Say
94%
Your
94%
Baby
93%
Im
93%
I'm
93%
Know
93%
The
93%
Favorite
92%
Do
91%
Then
91%
On
90%
Leave
88%
Basement
84%
First
84%
In
83%
So
82%
Who
82%
Pavement
81%
Hold
80%
My
80%
Down
79%
Her
79%
Crazy
78%
Got
78%
Have
78%
This
78%
All
77%
Girl
76%
Making
76%
Was
76%
Babies
74%
Can
74%
Nearly
74%
She's
73%
That
73%
Wondering
72%
And
70%
Of
70%
Just
69%
For
68%
Higher
68%
To
68%
Fire
67%
You're
67%
Good
65%
Never
65%
Life
63%
Much
63%
Plane
63%
Some
63%
We
63%
Celebrity
62%
Far
62%
Asked
61%
Away
61%
See
61%
Sets
61%
Are
60%
Getting
60%
Kind
60%
Lady
60%
Time
60%
Wait
60%
Remind
59%
Think
59%
True
59%
Like
58%
Need
58%
Only
58%
Pain
58%
Treat
58%
Carry
57%
Left
57%
Stay
57%
With
57%
Things
56%
Better
55%
Blame
55%
Everyday
55%
Game
55%
Myself
55%
Now
55%
Take
55%
Traveling
54%
Play
53%
I'll
52%
Through
52%
Dreams
51%
Elevate
51%
Ain't
50%
But
50%
Glory
50%
That's
49%
Find
48%
Trying
48%
Way
48%
Heights
47%
Fly
45%
Story
45%
Perhaps
44%
Well
44%
Yeah
44%
Maybe
43%
Had
42%
Took
42%
Headed
40%
Pussy
40%
You've
40%
Sad
37%
Life's
36%
Spectacle
34%
What
33%
Yes
32%
Don't
22%
Not
16%
Wanna
15%
No matching quizzes found
Score Distribution
Percent of People with Each Score
Percentile by Number Answered
Your Score History
You have not taken this quiz